Gracias de la gracia, saladas agudezas de los santos, insinuación de algunas de sus virtudes, ejemplos de la virtud de la eutropelia

Detalles Bibliográficos
Autor principal: BONETA, José
Formato: Libro
Publicado: Barcelona
Materias:
Colección:Banco de datos
Acervo:Biblioteca del Convento de Santa Mónica de la Ciudad de Puebla. Puebla
Tema general:Hagiografía
Notas:Regular. F3, 13.
LEADER 00695nam a22001930004500
035 |a 50778 
036 |a 546 
100 1 |a BONETA, José 
245 1 0 |a Gracias de la gracia, saladas agudezas de los santos, insinuación de algunas de sus virtudes, ejemplos de la virtud de la eutropelia 
260 |a Barcelona  |b María Angela Martí imp. 
500 |a Regular. F3, 13. 
650 1 0 |a Hagiografía 
949 |a CRP 
959 |a Ex convento de Santa Mónica. Puebla, Puebla  |b CCC5 
960 |a Convento de Santa Mónica de la ciudad de Puebla  |b DD88 
961 |a Franciscana  |b OF 
942 |c CRP-SM 
943 |g Biblioteca del Convento de Santa Mónica de la Ciudad de Puebla. Puebla 
999 |c 961116  |d 961116